<?xml version="1.0" encoding="UTF-8"?>
<record
    xmlns:xsi="http://www.w3.org/2001/XMLSchema-instance"
    xsi:schemaLocation="http://www.loc.gov/MARC21/slim http://www.loc.gov/standards/marcxml/schema/MARC21slim.xsd"
    xmlns="http://www.loc.gov/MARC21/slim">

  <leader>02153nam a22004217a 4500</leader>
  <controlfield tag="003">AR- BeUNQ</controlfield>
  <controlfield tag="005">20250319180921.0</controlfield>
  <controlfield tag="008">231027b        |||||||| |||| 00| 0 spa d</controlfield>
  <datafield tag="020" ind1=" " ind2=" ">
    <subfield code="a">9789500131773</subfield>
  </datafield>
  <datafield tag="040" ind1=" " ind2=" ">
    <subfield code="a">AR-BeUNQ</subfield>
    <subfield code="c">AR-BeUNQ</subfield>
    <subfield code="e">aacr</subfield>
  </datafield>
  <datafield tag="082" ind1=" " ind2=" ">
    <subfield code="2">21</subfield>
    <subfield code="a">510 HAC</subfield>
  </datafield>
  <datafield tag="100" ind1=" " ind2=" ">
    <subfield code="a">Sessa, Carmen</subfield>
    <subfield code="d">1970</subfield>
  </datafield>
  <datafield tag="245" ind1="0" ind2="1">
    <subfield code="a">Hacer Matem&#xE1;tica 7/1</subfield>
    <subfield code="c">Carmen Sessa</subfield>
    <subfield code="h">libro</subfield>
  </datafield>
  <datafield tag="250" ind1=" " ind2=" ">
    <subfield code="a">2a.ed. </subfield>
  </datafield>
  <datafield tag="260" ind1=" " ind2=" ">
    <subfield code="a">Boulogne :</subfield>
    <subfield code="b">Estrada, </subfield>
    <subfield code="c">2023. </subfield>
  </datafield>
  <datafield tag="300" ind1=" " ind2=" ">
    <subfield code="a">192 p. ; </subfield>
    <subfield code="b">il. ; </subfield>
    <subfield code="c">28x22 cm</subfield>
  </datafield>
  <datafield tag="490" ind1=" " ind2="1">
    <subfield code="a">Libros para Aprender. Edicion especial para el Ministerio de Educaci&#xF3;n de la Naci&#xF3;n</subfield>
  </datafield>
  <datafield tag="600" ind1=" " ind2=" ">
    <subfield code="a">Valeria Borsani</subfield>
  </datafield>
  <datafield tag="648" ind1=" " ind2=" ">
    <subfield code="a">2023</subfield>
  </datafield>
  <datafield tag="650" ind1=" " ind2=" ">
    <subfield code="a">Matem&#xE1;tica</subfield>
    <subfield code="2">spines</subfield>
  </datafield>
  <datafield tag="651" ind1=" " ind2=" ">
    <subfield code="a">Argentina</subfield>
    <subfield code="2">unescot</subfield>
  </datafield>
  <datafield tag="700" ind1=" " ind2=" ">
    <subfield code="a">Borsani, Valeria</subfield>
  </datafield>
  <datafield tag="929" ind1=" " ind2=" ">
    <subfield code="a">DONACION</subfield>
    <subfield code="b">Ministerio de Educaci&#xF3;n de la Naci&#xF3;n</subfield>
    <subfield code="d">0</subfield>
    <subfield code="e">19/05/23</subfield>
    <subfield code="j">61589</subfield>
    <subfield code="f">PAT0082093</subfield>
  </datafield>
  <datafield tag="929" ind1=" " ind2=" ">
    <subfield code="a">DONACION</subfield>
    <subfield code="b">Ministerio de Educaci&#xF3;n de la Naci&#xF3;n</subfield>
    <subfield code="d">0</subfield>
    <subfield code="e">19/05/23</subfield>
    <subfield code="j">61603</subfield>
    <subfield code="f">PAT0083208</subfield>
    <subfield code="h">1</subfield>
  </datafield>
  <datafield tag="929" ind1=" " ind2=" ">
    <subfield code="a">DONACION</subfield>
    <subfield code="b">Ministerio de Educaci&#xF3;n de la Naci&#xF3;n</subfield>
    <subfield code="d">0</subfield>
    <subfield code="e">19/05/23</subfield>
    <subfield code="j">61602</subfield>
    <subfield code="f">PAT0083207</subfield>
    <subfield code="h">2</subfield>
  </datafield>
  <datafield tag="929" ind1=" " ind2=" ">
    <subfield code="a">DONACION</subfield>
    <subfield code="b">Ministerio de Educaci&#xF3;n de la Naci&#xF3;n</subfield>
    <subfield code="d">0</subfield>
    <subfield code="e">19/05/23</subfield>
    <subfield code="j">61597</subfield>
    <subfield code="f">PAT0083205</subfield>
    <subfield code="h">3</subfield>
  </datafield>
  <datafield tag="929" ind1=" " ind2=" ">
    <subfield code="a">DONACION</subfield>
    <subfield code="b">Ministerio de Educaci&#xF3;n de la Naci&#xF3;n</subfield>
    <subfield code="d">0</subfield>
    <subfield code="e">19/05/23</subfield>
    <subfield code="j">61600</subfield>
    <subfield code="f">PAT 0083199</subfield>
    <subfield code="h">4</subfield>
  </datafield>
  <datafield tag="929" ind1=" " ind2=" ">
    <subfield code="a">DONACION</subfield>
    <subfield code="b">Ministerio de Educaci&#xF3;n de la Naci&#xF3;n</subfield>
    <subfield code="d">0</subfield>
    <subfield code="e">19/05/23</subfield>
    <subfield code="j">61601</subfield>
    <subfield code="f">PAT0083206</subfield>
    <subfield code="h">5</subfield>
  </datafield>
  <datafield tag="929" ind1=" " ind2=" ">
    <subfield code="a">DONACION</subfield>
    <subfield code="b">Ministerio de Educaci&#xF3;n de la Naci&#xF3;n</subfield>
    <subfield code="d">0</subfield>
    <subfield code="e">19/05/2023</subfield>
    <subfield code="j">61604</subfield>
    <subfield code="f">PAT0083209</subfield>
    <subfield code="h">6</subfield>
  </datafield>
  <datafield tag="929" ind1=" " ind2=" ">
    <subfield code="a">DONACION</subfield>
    <subfield code="b">Ministerio de Educaci&#xF3;n de la Naci&#xF3;n</subfield>
    <subfield code="d">0</subfield>
    <subfield code="e">19/05/2023</subfield>
    <subfield code="j">61605</subfield>
    <subfield code="f">PAT0082210</subfield>
    <subfield code="h">7</subfield>
  </datafield>
  <datafield tag="929" ind1=" " ind2=" ">
    <subfield code="a">DONACION</subfield>
    <subfield code="b">Ministerio de Educaci&#xF3;n de la Naci&#xF3;n</subfield>
    <subfield code="d">0</subfield>
    <subfield code="e">19/05/2023</subfield>
    <subfield code="j">61593</subfield>
    <subfield code="f">PAT0083201</subfield>
    <subfield code="h">8</subfield>
  </datafield>
  <datafield tag="929" ind1=" " ind2=" ">
    <subfield code="a">DONACION</subfield>
    <subfield code="b">Ministerio de Educaci&#xF3;n de la Naci&#xF3;n</subfield>
    <subfield code="d">0</subfield>
    <subfield code="e">19/05/2023</subfield>
    <subfield code="j">61594</subfield>
    <subfield code="f">PAT0083202</subfield>
    <subfield code="h">9</subfield>
  </datafield>
  <datafield tag="929" ind1=" " ind2=" ">
    <subfield code="a">DONACION</subfield>
    <subfield code="b">Ministerio de Educaci&#xF3;n de la Naci&#xF3;n</subfield>
    <subfield code="d">0</subfield>
    <subfield code="e">19/05/2023</subfield>
    <subfield code="j">61595</subfield>
    <subfield code="f">PAT0083203</subfield>
    <subfield code="h">10</subfield>
  </datafield>
  <datafield tag="929" ind1=" " ind2=" ">
    <subfield code="a">DONACION</subfield>
    <subfield code="b">Ministerio de Educaci&#xF3;n de la Naci&#xF3;n</subfield>
    <subfield code="d">0</subfield>
    <subfield code="e">16/05/23</subfield>
    <subfield code="j">61596</subfield>
    <subfield code="f">PAT0083204</subfield>
    <subfield code="h">11</subfield>
  </datafield>
  <datafield tag="929" ind1=" " ind2=" ">
    <subfield code="a">DONACION</subfield>
    <subfield code="b">Ministerio de Educaci&#xF3;n de la Naci&#xF3;n</subfield>
    <subfield code="d">0</subfield>
    <subfield code="e">19/05/23</subfield>
    <subfield code="j">61595</subfield>
    <subfield code="f">PAT003203</subfield>
  </datafield>
  <datafield tag="929" ind1=" " ind2=" ">
    <subfield code="a">DONACION</subfield>
    <subfield code="b">Ministerio de Educaci&#xF3;n de la Naci&#xF3;n</subfield>
    <subfield code="d">0</subfield>
    <subfield code="e">19/05/2023</subfield>
    <subfield code="j">61607</subfield>
    <subfield code="f">PAT0083212</subfield>
    <subfield code="h">12</subfield>
  </datafield>
  <datafield tag="942" ind1=" " ind2=" ">
    <subfield code="c">LIB</subfield>
  </datafield>
  <datafield tag="999" ind1=" " ind2=" ">
    <subfield code="c">1029</subfield>
    <subfield code="d">1029</subfield>
  </datafield>
  <datafield tag="952" ind1=" " ind2=" ">
    <subfield code="0">0</subfield>
    <subfield code="1">0</subfield>
    <subfield code="a">BIBESET</subfield>
    <subfield code="b">BIBESET</subfield>
    <subfield code="c">circulacion</subfield>
    <subfield code="d">2024-10-25</subfield>
    <subfield code="o">510 HAC</subfield>
    <subfield code="p">61590</subfield>
    <subfield code="r">2024-08-08</subfield>
    <subfield code="t">1</subfield>
    <subfield code="y">LIB</subfield>
    <subfield code="k">GA</subfield>
  </datafield>
  <datafield tag="952" ind1=" " ind2=" ">
    <subfield code="0">0</subfield>
    <subfield code="1">0</subfield>
    <subfield code="a">BIBESET</subfield>
    <subfield code="b">BIBESET</subfield>
    <subfield code="c">circulacion</subfield>
    <subfield code="d">2024-10-25</subfield>
    <subfield code="o">510 HAC</subfield>
    <subfield code="p">61591</subfield>
    <subfield code="r">2024-08-08</subfield>
    <subfield code="t">2</subfield>
    <subfield code="y">LIB</subfield>
  </datafield>
  <datafield tag="952" ind1=" " ind2=" ">
    <subfield code="0">0</subfield>
    <subfield code="1">0</subfield>
    <subfield code="a">BIBESET</subfield>
    <subfield code="b">BIBESET</subfield>
    <subfield code="c">circulacion</subfield>
    <subfield code="d">2024-10-25</subfield>
    <subfield code="o">510 HAC</subfield>
    <subfield code="p">61589</subfield>
    <subfield code="r">2024-10-25</subfield>
    <subfield code="t">5</subfield>
    <subfield code="y">LIB</subfield>
  </datafield>
  <datafield tag="952" ind1=" " ind2=" ">
    <subfield code="0">0</subfield>
    <subfield code="1">0</subfield>
    <subfield code="a">BIBESET</subfield>
    <subfield code="b">BIBESET</subfield>
    <subfield code="d">2024-12-17</subfield>
    <subfield code="o">510 HAC</subfield>
    <subfield code="p">61587</subfield>
    <subfield code="r">2024-12-17</subfield>
    <subfield code="t">3</subfield>
    <subfield code="y">LIB</subfield>
    <subfield code="k">PR</subfield>
  </datafield>
  <datafield tag="952" ind1=" " ind2=" ">
    <subfield code="0">0</subfield>
    <subfield code="1">0</subfield>
    <subfield code="a">BIBESET</subfield>
    <subfield code="b">BIBESET</subfield>
    <subfield code="c">circulacion</subfield>
    <subfield code="d">2024-12-17</subfield>
    <subfield code="l">0</subfield>
    <subfield code="o">510 HAC</subfield>
    <subfield code="p">62876</subfield>
    <subfield code="r">2024-12-17</subfield>
    <subfield code="t">6</subfield>
    <subfield code="w">2024-12-17</subfield>
    <subfield code="y">LIB</subfield>
    <subfield code="k">PR</subfield>
  </datafield>
  <datafield tag="952" ind1=" " ind2=" ">
    <subfield code="0">0</subfield>
    <subfield code="1">0</subfield>
    <subfield code="a">BIBESET</subfield>
    <subfield code="b">BIBESET</subfield>
    <subfield code="c">circulacion</subfield>
    <subfield code="d">2025-03-19</subfield>
    <subfield code="o">510 HAC</subfield>
    <subfield code="p">61597</subfield>
    <subfield code="r">2025-03-19</subfield>
    <subfield code="t">7</subfield>
    <subfield code="y">LIB</subfield>
    <subfield code="k">GA</subfield>
  </datafield>
  <datafield tag="952" ind1=" " ind2=" ">
    <subfield code="0">0</subfield>
    <subfield code="1">0</subfield>
    <subfield code="a">BIBESET</subfield>
    <subfield code="b">BIBESET</subfield>
    <subfield code="c">circulacion</subfield>
    <subfield code="d">2025-03-19</subfield>
    <subfield code="o">510 HAC</subfield>
    <subfield code="p">61600</subfield>
    <subfield code="r">2025-03-19</subfield>
    <subfield code="t">8</subfield>
    <subfield code="y">LIB</subfield>
    <subfield code="k">GA</subfield>
  </datafield>
  <datafield tag="952" ind1=" " ind2=" ">
    <subfield code="0">0</subfield>
    <subfield code="1">0</subfield>
    <subfield code="a">BIBESET</subfield>
    <subfield code="b">BIBESET</subfield>
    <subfield code="c">circulacion</subfield>
    <subfield code="d">2025-03-19</subfield>
    <subfield code="o">510 HAC</subfield>
    <subfield code="p">61601</subfield>
    <subfield code="r">2025-03-19</subfield>
    <subfield code="t">9</subfield>
    <subfield code="y">LIB</subfield>
    <subfield code="k">GA</subfield>
  </datafield>
  <datafield tag="952" ind1=" " ind2=" ">
    <subfield code="0">0</subfield>
    <subfield code="1">0</subfield>
    <subfield code="a">BIBESET</subfield>
    <subfield code="b">BIBESET</subfield>
    <subfield code="c">circulacion</subfield>
    <subfield code="d">2025-03-19</subfield>
    <subfield code="o">510 HAC</subfield>
    <subfield code="p">61602</subfield>
    <subfield code="r">2025-03-19</subfield>
    <subfield code="t">10</subfield>
    <subfield code="y">LIB</subfield>
    <subfield code="k">GA</subfield>
  </datafield>
  <datafield tag="952" ind1=" " ind2=" ">
    <subfield code="0">0</subfield>
    <subfield code="1">0</subfield>
    <subfield code="a">BIBESET</subfield>
    <subfield code="b">BIBESET</subfield>
    <subfield code="c">circulacion</subfield>
    <subfield code="d">2025-03-19</subfield>
    <subfield code="o">510 HAC</subfield>
    <subfield code="p">61603</subfield>
    <subfield code="r">2025-03-19</subfield>
    <subfield code="t">11</subfield>
    <subfield code="y">LIB</subfield>
    <subfield code="k">GA</subfield>
  </datafield>
  <datafield tag="952" ind1=" " ind2=" ">
    <subfield code="0">0</subfield>
    <subfield code="1">0</subfield>
    <subfield code="a">BIBESET</subfield>
    <subfield code="b">BIBESET</subfield>
    <subfield code="c">circulacion</subfield>
    <subfield code="d">2025-03-19</subfield>
    <subfield code="o">510 HAC</subfield>
    <subfield code="p">61604</subfield>
    <subfield code="r">2025-03-19</subfield>
    <subfield code="t">12</subfield>
    <subfield code="y">LIB</subfield>
    <subfield code="k">GA</subfield>
  </datafield>
  <datafield tag="952" ind1=" " ind2=" ">
    <subfield code="0">0</subfield>
    <subfield code="1">0</subfield>
    <subfield code="a">BIBESET</subfield>
    <subfield code="b">BIBESET</subfield>
    <subfield code="c">circulacion</subfield>
    <subfield code="d">2025-03-19</subfield>
    <subfield code="o">510 HAC</subfield>
    <subfield code="p">61605</subfield>
    <subfield code="r">2025-03-19</subfield>
    <subfield code="t">13</subfield>
    <subfield code="y">LIB</subfield>
    <subfield code="k">GA</subfield>
  </datafield>
  <datafield tag="952" ind1=" " ind2=" ">
    <subfield code="0">0</subfield>
    <subfield code="1">0</subfield>
    <subfield code="a">BIBESET</subfield>
    <subfield code="b">BIBESET</subfield>
    <subfield code="c">circulacion</subfield>
    <subfield code="d">2025-03-19</subfield>
    <subfield code="l">0</subfield>
    <subfield code="o">510 HAC</subfield>
    <subfield code="p">61606</subfield>
    <subfield code="r">2025-03-19</subfield>
    <subfield code="t">14</subfield>
    <subfield code="w">2025-03-19</subfield>
    <subfield code="y">LIB</subfield>
    <subfield code="k">GA</subfield>
  </datafield>
</record>
